Kinh tế thủy lợi
Sách đề cập đến những quan niệm và phương pháp phân tích kinh tế tài chính đối với một dự án thuỷ lợi nói chung và những dự án có tính chất đặc thù trong lĩnh vực thuỷ lợi như: dự án thủy lợi phục vụ tưới, dự án thủy lợi cấp nu...
Bewaard in:
| Hoofdauteur: | |
|---|---|
| Formaat: | Boek |
| Taal: | Undetermined |
| Gepubliceerd in: |
Hà Nội
Xây dựng
2003
|
| Onderwerpen: | |
| Tags: |
Voeg label toe
Geen labels, Wees de eerste die dit record labelt!
|
| Thư viện lưu trữ: | Trung tâm Học liệu Trường Đại học Cần Thơ |
|---|
| LEADER | 01084nam a2200217Ia 4500 | ||
|---|---|---|---|
| 001 | CTU_62482 | ||
| 008 | 210402s9999 xx 000 0 und d | ||
| 020 | |c 28000 | ||
| 082 | |a 627.52068 | ||
| 082 | |b B116 | ||
| 100 | |a Nguyễn, Thượng Bằng | ||
| 245 | 0 | |a Kinh tế thủy lợi | |
| 245 | 0 | |c Nguyễn Thượng Bằng, Ngô Tuấn Kiệt, Phan Tuấn Anh | |
| 260 | |a Hà Nội | ||
| 260 | |b Xây dựng | ||
| 260 | |c 2003 | ||
| 520 | |a Sách đề cập đến những quan niệm và phương pháp phân tích kinh tế tài chính đối với một dự án thuỷ lợi nói chung và những dự án có tính chất đặc thù trong lĩnh vực thuỷ lợi như: dự án thủy lợi phục vụ tưới, dự án thủy lợi cấp nước sinh hoạt, dự án thủy lợi phục vụ giao thông thủy ... | ||
| 650 | |a Irrigation | ||
| 650 | |x Economic aspects | ||
| 904 | |i Vương | ||
| 980 | |a Trung tâm Học liệu Trường Đại học Cần Thơ | ||